| 000 | 00991cab a2200289 4500 | ||
|---|---|---|---|
| 001 | ABS60397 | ||
| 008 | 090401t1999 xxu||||| |||| 00| 0 eng d | ||
| 035 | _a(Sirsi) u92744 | ||
| 041 | _aeng | ||
| 100 | _aMartin, J. | ||
| 245 | _aNew sale conditions issued for livestock auctions | ||
| 260 | _c1999 | ||
| 350 | _a0 | ||
| 490 |
_aCSM _bChartered Surveyor Monthly _v8 (8) April 1999, 53(1) |
||
| 520 | _aReviews the Livestock Auctioneers Association`s new conditions of sale for the use of their members at livestock auction markets for cattle, sheep and pigs. Of particular interest to surveyors is the way the conditions address the issue of clients` money. | ||
| 650 | _aCATTLE | ||
| 650 | _aCLIENTS MONEY | ||
| 650 | _aCONDITIONS OF SALE | ||
| 650 | _aFOOD SAFETY ACT 1990 | ||
| 650 | _aLIVESTOCK AUCTIONEERS ASSOCIATION | ||
| 650 | _aLIVESTOCK AUCTIONS | ||
| 650 | _aPIGS | ||
| 650 | _aSHEEP | ||
| 690 |
_aAuctioneering _96218 |
||
| 942 | _n0 | ||
| 948 | _c15/04/1999 | ||
| 999 |
_c58784 _d58784 |
||